00674cam a2200169 a 4500020001800000020001600018040000800034082002600042100001600068245005400084300005500138520012200193650001200315942001000327999001700337952015000354 a9782853190893 a 2853190897 cDLC00aMUL BON 1981 C285 Or.1 aBono, Mary,10a Multiplication des semences vivrieres tropicales a1 volume (unpaged) :bcolor illustrations ;c27 cm aRhyming text and illustrations present various reactions to encounters with such bugs as an ant, beetle, and ladybug. 0aInsects cAEDBB c22441d22441 0010406MUL_BON_1981_000000000000000_C285_OR70996813aLBCbLBCcC285d2023-12-28oMUL BON 1981 C285 Or.pa18567r2023-12-28w2023-12-28yAEDBB